000 00161 a2200085 4500
001 1229576
005 20250901085850.0
245 _aSDASD
_cASDASD
260 _bASDASD
999 _c1229576
_d1229576